The history of Havana (Registro nro. 311130)

Detalles MARC
000 -ENCABEZADO
Número de control [NR] 00744cam a2200205 a 4500
005 - FECHA Y HORA DE LA ÚLTIMA TRANSACCIÓN
control field 20181122150940.0
008 - DE LONGITUD FIJA DE DATOS DE ELEMENTOS - INFORMACIÓN GENERAL
Elementos de longitud fija [NR] 060502s2006 nyuab b 001 0 eng
020 ## - NUMERO INTERNACIONAL NORMALIZADO PARA LIBROS [R]
Número Internacional Normalizado del libro [NR] 9781403971074
040 ## - FUENTE DE CATALOGACION [NR]
Agencia de catalogación original [NR] CO-BoUCM
Idioma de catalogación [NR] spa
Quien Cataloga Doris Forero
Quien Clasifica Doris Forero
100 1# - ASIENTO PRINCIPAL--NOMBRE PERSONAL [NR]
Nombre personal [NR] Cluster, Dick and Hernández, Rafael
ID Autoridad 94544
245 14 - MENCION DE TITULO [NR]
Título [NR] The history of Havana
Mención de responsabilidad, etc. [NR] Dick Cluster and Rafael Hernández.
260 ## - PUBLICACION, DISTRIBUCION, ETC. (PIE DE IMPRENTA) [R]
Lugar de publicación, distribución, etc. [R] New York
Nombre del editor, distribuidor, etc. [R] Palgrave Macmillan
Fecha de publicación, distribución, etc. [R] 2006
300 ## - DESCRIPCION FISICA [R]
Extensión [R] 300 páginas
Otros detalles físicos [NR] Ilustraciones, mapas
650 #7 - ASIENTO SECUNDARIO DE MATERIA - TERMINO TEMATICO [R]
9 (RLIN) 7695
Término temático o nombre geográfico como elemento de entrada [NR] Historia
Subdivisión geográfica [R] Havana (Cuba)
650 #7 - ASIENTO SECUNDARIO DE MATERIA - TERMINO TEMATICO [R]
9 (RLIN) 7508
Término temático o nombre geográfico como elemento de entrada [NR] Descripciones y viajes
Subdivisión geográfica [R] Havana (Cuba)
650 #7 - ASIENTO SECUNDARIO DE MATERIA - TERMINO TEMATICO [R]
9 (RLIN) 12390
Término temático o nombre geográfico como elemento de entrada [NR] Cultura
650 #7 - ASIENTO SECUNDARIO DE MATERIA - TERMINO TEMATICO [R]
9 (RLIN) 23768
Término temático o nombre geográfico como elemento de entrada [NR] Revolución
942 ## - ELEMENTOS DE ENTRADA AGREGADOS (KOHA)
Sistema de clasificación DEWEY
Tema principal Historia
Tipo de ítem principal el descrito en 300a Libro
Edición 1
Clasificación 972.91
Parte restante de la signatura top. C649
Existencias
Fecha de último préstamo Total préstamos Signatura topográfica Código de barras Última vez visto Ejemplar Costo de reposición Price effective from Tipo de ítem Perdido Sistema de clasificación Dañado No prestable Tipo de ítem específico Suprimido Ubicación habitual Ubicación actual Localización Fecha de creación Proveedor Forma de adquisición Costo
22/11/2018 1 972.91 C649 100158433 10/12/2025 Ej.1 26000.00 09/11/2018 Libro   DEWEY     Libro   Claustro Claustro 2do piso 09/11/2018 12 Donación 0.00